000 00908nam a2200253Ia 4500
003 OSt
005 20221005113238.0
006 a|||||r|||| 00| 0
007 ta
008 221004b |||||||| |||| 00| 0 pan d
020 _a9788193152881 (hbk)
_cINR 225.00
024 _a44786
037 _b1046, 02/02/2019, H.K. Prakashan
_cTextual
040 _aCRL
_cCRL
_bpan
041 _2pan
_apan
082 _aNW4443, 153Q7
100 _aਸਿੰਘ, ਗੁਰਮੁਖ, ਂਚ.
245 0 _aਸਮਕਾਲੀ ਦ੍ਰਿF-ਸਭਿਆਚਾਰ ਅਤੇ ਪੰਜਾਬੀ ਪਛਾਣ
260 _aਪਟਿਆਲਾ
_bਗ੍ਰੈFਿਅਸ ਭਾਰਤ
_c2017
300 _a160ਪ੍ਰ0
_ccm.
650 _aਸਿਨੇਮਾ
942 _hNW4443, 153Q7
_cTEXL
_2cc
999 _c1027532
_d1027532